| 000 | 00442nam a2200181Ia 4500 | ||
|---|---|---|---|
| 003 | GCL | ||
| 008 | 140319s9999 xx 000 0 eng d | ||
| 040 |
_aGCL / _cGCL |
||
| 082 | 0 | 4 |
_a759 _bG M |
| 100 | 1 | _aGIMFERRAR, PERE | |
| 245 | 1 | 0 |
_aMAX ERNST / _cGIMFERRAR, PERE |
| 260 |
_a[S.N] : _bACADEMY EDITIONS ، _c1983 |
||
| 300 | _a127 P | ||
| 650 | 0 | 4 | _aERNST, MAX |
| 650 | 0 | 4 | _aGERMAN |
| 650 | 0 | 4 | _aPAINTERS - SURREALISM |
| 942 |
_2ddc _cBK |
||
| 999 |
_c11091 _d11091 |
||